| 000 | 00699nam a22002057a 4500 | ||
|---|---|---|---|
| 005 | 20100811161842.0 | ||
| 010 | _aENG-99773 | ||
| 020 | _c40.00 | ||
| 035 | _aEN-83305 | ||
| 037 | _bDBAD/PUB | ||
| 082 | _a230.64 | ||
| 100 |
_aAnuradha, R. _911894 |
||
| 245 |
_aNamakkal cave temples revisited / _cby R. Anuradha |
||
| 260 |
_aSalem _bMadeshwari Publications _c2008 |
||
| 270 |
_a249, Rathnasamy Puram _bSalem _e636009 |
||
| 300 |
_a98p. _c20cm (pbk) |
||
| 500 | _aIncluded bibliographical references | ||
| 942 |
_2ddc _cEN _h230.64 _mANU |
||
| 999 |
_c41178 _d41178 |
||